[Event "Online Olym Div2 E 2020"]
[Site "chess.com INT"]
[Date "2020.08.15"]
[Round "5.4"]
[Board "3"]
[White "Milovic, Aleksandra"]
[Black "Gara, Ticia"]
[Result "0-1"]
[WhiteTitle "WIM"]
[BlackTitle "WGM"]
[WhiteElo "2198"]
[BlackElo "2371"]
[WhiteTeam "Montenegro"]
[BlackTeam "Hungary"]
[WhiteFideId "933988"]
[BlackFideId "717444"]
[EventDate "2020.08.14"]
[EventType "team"]

1. Nc3 d5 2. d4 Nf6 3. Bg5 Nbd7 4. f3 h6 5. Bh4 c5 6. e4 dxe4 7. fxe4 cxd4 8.
Qxd4 e5 9. Qa4 Be7 10. O-O-O g5 11. Bg3 Qc7 12. Nd5 Nxd5 13. Rxd5 O-O 14. Qb3
Nc5 15. Qe3 f6 16. h4 Be6 17. hxg5 hxg5 18. Bc4 Kg7 19. Nf3 Bxd5 20. exd5 Nd7
21. Bd3 Rh8 22. Rxh8 Rxh8 23. Qe4 Rh6 24. Qf5 Rh1+ 25. Kd2 Qa5+ 26. Ke2 Qxd5 27.
c4 Qd6 28. Qg6+ Kf8 29. Nh2 Nc5 30. Qh6+ Ke8 31. Qh8+ Bf8 32. Bg6+ Kd8 33. Be1
Nd7 34. b4 e4 35. Bxe4 Rxh2 36. Qg8 Qe7 37. Qd5 Rxg2+ 38. Bf2 Rxf2+ 39. Kxf2 Qe5
40. Qxb7 Qf4+ 41. Ke2 Qh2+ 42. Kd1 Qd6+ 43. Kc2 Qxb4 44. Qa6 Qa3 45. Qc6 Qxa2+
46. Kd1 Qa1+ 47. Ke2 Qb2+ 48. Kf1 Bc5 49. Ke1 Qf2+ 50. Kd1 Qd4+ 51. Kc2 Qxc4+
52. Kb1 Qb4+ 53. Kc2 Qb6 54. Qd5 Qc7 55. Bf5 Bd6+ 56. Kd1 Qc5 57. Qe6 Ne5 58.
Qxf6+ Be7 59. Qh8+ Kc7 60. Qc8+ Kb6 61. Qb8+ Ka5 62. Qb1 Qd4+ 63. Ke2 Qc4+ 64.
Kd1 Qf1+ 0-1

[Event "Online Olym Div2 E 2020"]
[Site "chess.com INT"]
[Date "2020.08.15"]
[Round "5.5"]
[Board "1"]
[White "Tate, Alan"]
[Black "McShane, Luke J"]
[Result "0-1"]
[WhiteTitle "FM"]
[BlackTitle "GM"]
[WhiteElo "2342"]
[BlackElo "2680"]
[WhiteTeam "Scotland"]
[BlackTeam "England"]
[WhiteFideId "2401878"]
[BlackFideId "404853"]
[EventDate "2020.08.14"]
[EventType "team"]

1. d4 Nf6 2. c4 e6 3. Nf3 Bb4+ 4. Bd2 c5 5. Bxb4 cxb4 6. g3 O-O 7. Bg2 d6 8. O-O
a5 9. a3 Na6 10. Nbd2 Qe7 11. e4 e5 12. c5 dxc5 13. dxe5 Ng4 14. Nc4 Be6 15.
Nxa5 Qc7 16. axb4 Nxb4 17. Qd6 Qxd6 18. exd6 b6 19. Ng5 bxa5 20. Bh3 Bd7 21. f3
Ne5 22. Bxd7 Nxd7 23. f4 Rfe8 24. Rae1 Nc2 0-1

[Event "Online Olym Div2 E 2020"]
[Site "chess.com INT"]
[Date "2020.08.15"]
[Round "5.5"]
[Board "3"]
[White "Cooke, Suzie G."]
[Black "Houska, Jovanka"]
[Result "1/2-1/2"]
[WhiteTitle "WFM"]
[BlackTitle "IM"]
[WhiteElo "1915"]
[BlackElo "2381"]
[WhiteTeam "Scotland"]
[BlackTeam "England"]
[WhiteFideId "414930"]
[BlackFideId "405094"]
[EventDate "2020.08.14"]
[EventType "team"]

1. d4 d5 2. Bf4 c5 3. e3 Nc6 4. c3 Nf6 5. Bd3 Bg4 6. Nf3 e6 7. Nbd2 Bd6 8. Bg3
O-O 9. O-O Bxg3 10. hxg3 Qe7 11. dxc5 Qxc5 12. e4 Ne5 13. Nb3 Qb6 14. exd5 Rfd8
15. Be2 Rxd5 16. Qc2 Bf5 17. Qc1 Nd3 18. Bxd3 Bxd3 19. Re1 Ne4 20. Qe3 Qxe3 21.
Rxe3 Nd6 22. Ne5 Bg6 23. c4 Rxe5 24. Rxe5 Nxc4 25. Rc5 Nxb2 26. Rac1 h5 27. Rc8+
Rxc8 28. Rxc8+ Kh7 29. f3 Nd3 30. Rc7 Nb4 31. a3 Nc2 32. a4 b6 33. Rxa7 Nb4 34.
Rb7 Nd5 35. Nd4 Kg8 36. Nc6 Bc2 37. a5 bxa5 38. Nxa5 g5 39. Nc6 Bg6 40. Ne5 Kg7
41. Kf2 Kf6 42. Nd7+ Kg7 43. Ne5 Kf6 44. Nxg6 Kxg6 45. Ra7 Kf6 46. Rb7 Kg6 1/2-1/2

[Event "Online Olym Div2 E 2020"]
[Site "chess.com INT"]
[Date "2020.08.15"]
[Round "5.5"]
[Board "4"]
[White "Hunt, Harriet V"]
[Black "Roy, Ali"]
[Result "1/2-1/2"]
[WhiteTitle "IM"]
[WhiteElo "2414"]
[BlackElo "1878"]
[WhiteTeam "England"]
[BlackTeam "Scotland"]
[WhiteFideId "403512"]
[BlackFideId "2400456"]
[EventDate "2020.08.14"]
[EventType "team"]

1. e4 e6 2. d4 d5 3. Nd2 c5 4. exd5 Qxd5 5. Ngf3 cxd4 6. Bc4 Qd6 7. O-O Nf6 8.
Nb3 Nc6 9. Nbxd4 Nxd4 10. Nxd4 Qc7 11. Bb5+ Bd7 12. Qe2 Be7 13. Rd1 Rd8 14. Bg5
O-O 15. Bd3 Bc6 16. Nxc6 Qxc6 17. Qe3 h6 18. Bxf6 Bxf6 19. c3 Rd6 20. Qxa7 Rfd8
21. Be2 Rd2 22. Bf3 Qb5 23. Rxd2 Rxd2 24. Qb8+ Rd8 25. Qxb7 Qxb7 26. Bxb7 Rb8
27. Be4 Rxb2 28. a4 Bxc3 29. Rc1 Re2 30. f3 Re1+ 31. Rxe1 Bxe1 32. Kf1 Bb4 33.
Ke2 f5 34. Bc6 Kf7 35. Kd3 Ke7 36. Kc4 Be1 37. Kb5 Kd6 38. Bb7 Kc7 39. Bc6 e5
40. Bd5 Bf2 41. a5 Kb8 42. Be6 f4 43. Bd5 Ka7 44. a6 g5 45. Bf7 Bg1 46. h3 Bd4
47. Bd5 Bb6 48. Bb7 h5 49. Be4 Bd4 50. Bg6 h4 51. Be4 Bb6 52. Bb7 Bd8 53. Kc6
Bf6 54. Kd6 Kb8 55. Ke6 Bg7 56. Kf5 Bf8 57. Kxg5 Be7+ 58. Kf5 Bd6 59. Ke6 Bc7
60. Kd7 Bb6 61. Be4 Ka7 62. Bd3 Bd4 63. Kd6 Kb8 64. Ke6 Ka7 65. Kf5 Kb8 66. Bf1
Ka7 67. Kg4 Bf2 68. Kg5 Kb8 69. Bb5 Ka7 70. Bd3 Kb8 71. Be4 1/2-1/2

[Event "Online Olym Div2 E 2020"]
[Site "chess.com INT"]
[Date "2020.08.15"]
[Round "5.5"]
[Board "5"]
[White "Abdulla, Murad"]
[Black "Willow, Jonah B"]
[Result "1/2-1/2"]
[WhiteTitle "FM"]
[BlackTitle "FM"]
[WhiteElo "2287"]
[BlackElo "2386"]
[WhiteTeam "Scotland"]
[BlackTeam "England"]
[WhiteFideId "2403757"]
[BlackFideId "438804"]
[EventDate "2020.08.14"]
[EventType "team"]

1. e4 c5 2. Nf3 Nc6 3. g3 g6 4. Bg2 Bg7 5. O-O d6 6. c3 e5 7. b3 Nge7 8. Bb2 O-O
9. d4 exd4 10. cxd4 Bg4 11. Qd2 Bxf3 12. Bxf3 Nxd4 13. Bg2 Nec6 14. Nc3 Qa5 15.
Rad1 Rad8 16. f4 f5 17. Kh1 fxe4 18. Bxe4 Nf5 19. g4 Nfe7 20. f5 d5 21. Nxd5
Qxd2 22. Rxd2 Bxb2 23. Nxe7+ Nxe7 24. Rxb2 Rd4 25. Re2 Nc6 26. Bxc6 bxc6 27. h3
gxf5 28. gxf5 Rd5 29. f6 Rd6 30. Rg2+ Kh8 31. Rgf2 Rf7 32. Kg2 h5 33. Rf5 Rd2+
34. R1f2 Rxf2+ 35. Kxf2 Kh7 36. Rxh5+ Kg6 37. Rxc5 Rxf6+ 38. Kg3 Rd6 39. Rc3 Kh5
40. a4 Kg5 41. b4 Kh5 42. Rc5+ Kg6 43. Ra5 Rd3+ 44. Kg2 Rb3 45. b5 cxb5 46. axb5
Kh6 47. Rxa7 Rxb5 48. Ra4 Kg5 49. Ra3 Kh4 50. Ra4+ Kg5 51. Rg4+ Kh5 52. Rf4 Kg5
53. Rf3 Kh4 1/2-1/2

[Event "Online Olym Div2 E 2020"]
[Site "chess.com INT"]
[Date "2020.08.15"]
[Round "6.1"]
[Board "1"]
[White "Matamoros Franco, Carlos S."]
[Black "Adams, Michael"]
[Result "0-1"]
[WhiteTitle "GM"]
[BlackTitle "GM"]
[WhiteElo "2495"]
[BlackElo "2706"]
[WhiteTeam "Ecuador"]
[BlackTeam "England"]
[WhiteFideId "3600017"]
[BlackFideId "400041"]
[EventDate "2020.08.14"]
[EventType "team"]

1. c4 e5 2. g3 c6 3. Nf3 e4 4. Nd4 d5 5. cxd5 Qxd5 6. Nc2 Nf6 7. Nc3 Qe5 8. Bg2
Na6 9. O-O Be7 10. d3 exd3 11. Qxd3 Qh5 12. h4 O-O 13. Qe3 Re8 14. Qg5 Qg6 15.
Qxg6 hxg6 16. Bg5 Nc7 17. Rad1 a5 18. Bf4 Na6 19. a3 Bf8 20. Bd6 Bf5 21. Ne3 Be6
22. Bxf8 Kxf8 23. Rd4 Bb3 24. Rb1 Rad8 25. Rxd8 Rxd8 26. Kf1 Nc5 27. Ke1 Ke7 28.
Rc1 Nfd7 29. Nb1 a4 30. Nd2 Be6 31. Nec4 Ra8 32. Rc3 Ra6 33. Nf3 Nb3 34. Ng5
Ndc5 35. Nxe6 Nxe6 36. Ne5 Ra5 37. f4 Rb5 38. e3 Nbc5 39. Nc4 f6 40. Kd1 Nd7 41.
Kc2 Nec5 42. Nd2 Nb6 43. Bf1 Ra5 44. Nc4 Nxc4 45. Rxc4 Kd6 46. Bd3 Nxd3 47. Kxd3
Rd5+ 48. Kc3 b5 49. Re4 Rd1 50. Rd4+ Rxd4 51. Kxd4 c5+ 52. Kd3 f5 53. e4 fxe4+
54. Kxe4 Ke6 55. g4 b4 56. axb4 cxb4 57. Kd4 a3 58. bxa3 bxa3 59. Kc3 Kd5 60. h5
gxh5 61. gxh5 Ke4 62. Kb3 Kxf4 63. Kxa3 Kg5 64. Kb3 Kxh5 65. Kc3 Kg4 66. Kd3 Kf3 0-1

[Event "Online Olym Div2 E 2020"]
[Site "chess.com INT"]
[Date "2020.08.15"]
[Round "6.1"]
[Board "2"]
[White "Jones, Gawain C B"]
[Black "Munoz Sanchez, Miguel"]
[Result "1/2-1/2"]
[WhiteTitle "GM"]
[BlackTitle "IM"]
[WhiteElo "2670"]
[BlackElo "2222"]
[WhiteTeam "England"]
[BlackTeam "Ecuador"]
[WhiteFideId "409561"]
[BlackFideId "3600734"]
[EventDate "2020.08.14"]
[EventType "team"]

1. e4 c5 2. Nf3 d6 3. Bb5+ Bd7 4. Bxd7+ Qxd7 5. O-O Nf6 6. Re1 Nc6 7. c3 e6 8.
d4 cxd4 9. cxd4 d5 10. e5 Ne4 11. Nbd2 Nxd2 12. Bxd2 Be7 13. Rc1 O-O 14. Rc3
Rac8 15. h4 Nb4 16. Qb1 Rxc3 17. bxc3 Nc6 18. Ng5 Bxg5 19. hxg5 Rc8 20. g3 Ne7
21. Kg2 b6 22. Rh1 Ng6 23. Qb3 Rc4 24. Bc1 Qa4 25. Bb2 Ne7 26. Ba3 Nc6 27. Qb1
g6 28. Bb2 Nb8 29. Qc1 Qxa2 30. Rh3 Nd7 31. Ba3 Ra4 32. Bb4 Qe2 33. Rh4 Ra2 34.
Rf4 Rd2 35. Kh2 1/2-1/2

[Event "Online Olym Div2 E 2020"]
[Site "chess.com INT"]
[Date "2020.08.15"]
[Round "6.1"]
[Board "3"]
[White "Fierro Baquero, Martha L."]
[Black "Houska, Jovanka"]
[Result "1/2-1/2"]
[WhiteTitle "IM"]
[BlackTitle "IM"]
[WhiteElo "2359"]
[BlackElo "2381"]
[WhiteTeam "Ecuador"]
[BlackTeam "England"]
[WhiteFideId "3600270"]
[BlackFideId "405094"]
[EventDate "2020.08.14"]
[EventType "team"]

1. g3 d5 2. Bg2 c6 3. Nf3 Nf6 4. O-O Bf5 5. d3 e6 6. Nbd2 Be7 7. Qe1 Nbd7 8. e4
dxe4 9. dxe4 Bg6 10. Qe2 O-O 11. Rd1 Qc7 12. b3 a5 13. a4 Nc5 14. Nh4 Bh5 15.
Bf3 Bxf3 16. Nhxf3 Rfd8 17. Bb2 Rd7 18. Ne5 Rdd8 19. Kg2 h6 20. Ng4 Nxg4 21.
Qxg4 e5 22. Nc4 f6 23. Ne3 Bf8 24. h4 Qf7 25. Nf5 Kh7 26. h5 Ne6 27. Nh4 Bc5 28.
Qf5+ Kg8 29. Ng6 Bd4 30. c3 Bc5 31. f4 exf4 32. gxf4 Be3 33. Kf3 Bc5 34. Kg2 Be3
35. Kf3 Bc5 36. Kg2 1/2-1/2

[Event "Online Olym Div2 E 2020"]
[Site "chess.com INT"]
[Date "2020.08.15"]
[Round "6.1"]
[Board "5"]
[White "Aspiazu Sibri, Marlon"]
[Black "Wadsworth, Matthew J"]
[Result "1/2-1/2"]
[BlackTitle "IM"]
[WhiteElo "1957"]
[BlackElo "2416"]
[WhiteTeam "Ecuador"]
[BlackTeam "England"]
[WhiteFideId "3621243"]
[BlackFideId "415804"]
[EventDate "2020.08.14"]
[EventType "team"]

1. c4 e5 2. g3 h5 3. h3 Nc6 4. Bg2 Bc5 5. Nc3 d6 6. a3 h4 7. g4 a5 8. e3 f5 9.
f3 Nf6 10. Nge2 Ba7 11. d4 Bd7 12. Nb5 Bb8 13. d5 Ne7 14. e4 f4 15. O-O Bxb5 16.
cxb5 Ba7+ 17. Kh2 O-O 18. Bd2 Bb6 19. Be1 g5 20. Bf2 Bxf2 21. Rxf2 Nd7 22. Rc1
a4 23. Nc3 Nc5 24. Bf1 Nc8 25. Bc4 Nb6 26. Ba2 Kg7 27. Rfc2 Qd7 28. Qe2 Ra5 29.
Rd1 Rfa8 30. Rcc1 Kf8 31. Kg2 Nc8 32. Kh2 Na7 33. Bc4 Ke7 34. Kg2 Kd8 35. Kh2
Nc8 36. Kg2 Nb6 37. Ba2 Qe8 38. Kh2 Nbd7 39. Kg2 Nb3 40. Bxb3 axb3 41. Kh2 Nc5
42. Kg2 Qd7 43. Kh2 Kc8 44. Kg2 Kb8 45. Kh2 Na4 46. Nxa4 Rxa4 47. Rc3 Rd4 48.
Rxb3 Rxd1 49. Qxd1 Ra4 50. Qe2 Rd4 51. Rb4 Rxb4 52. axb4 Ka7 53. Qf2+ Kb8 54.
Qe2 Kc8 55. Qc4 Kd8 56. Kg2 Qc8 57. Qa2 Qd7 58. Qc4 Qe8 59. Kf2 Kd7 60. Ke2 Qa8
61. b6 cxb6 62. Qb5+ Kc7 63. Qc4+ Kd7 64. Qb5+ Kc7 65. Qc4+ Kd8 66. Qb5 Qa7 67.
Kd2 Ke7 68. Kc2 Kd8 69. Kb3 Kc7 70. Qe8 Qa1 71. Qe7+ Kb8 72. Qxd6+ Ka7 73. Qxe5
Qd1+ 74. Ka2 Qa4+ 1/2-1/2

[Event "Online Olym Div2 E 2020"]
[Site "chess.com INT"]
[Date "2020.08.15"]
[Round "6.1"]
[Board "6"]
[White "Kalaiyalahan, Akshaya"]
[Black "Ortiz Verdezoto, Anahi"]
[Result "1/2-1/2"]
[WhiteTitle "FM"]
[BlackTitle "WIM"]
[WhiteElo "2149"]
[BlackElo "2013"]
[WhiteTeam "England"]
[BlackTeam "Ecuador"]
[WhiteFideId "422894"]
[BlackFideId "3614581"]
[EventDate "2020.08.14"]
[EventType "team"]

1. d4 d5 2. c4 e6 3. Nf3 Nf6 4. g3 dxc4 5. Qa4+ Nbd7 6. Nc3 c5 7. Qxc4 cxd4 8.
Nxd4 Nb6 9. Qd3 Nbd5 10. Nxd5 Nxd5 11. a3 Be7 12. Bg2 O-O 13. O-O Bf6 14. Nb3
Bd7 15. Nc5 Bc6 16. Rb1 Qb6 17. Ne4 Be7 18. Ng5 Bxg5 19. Bxg5 h6 20. Be3 Nxe3
21. Qxe3 Qxe3 22. fxe3 Rac8 23. Rbc1 Bxg2 24. Kxg2 Rfd8 25. Kf2 Rxc1 26. Rxc1
Rd7 27. Rc8+ Kh7 28. Rc2 g5 29. Kf3 Kg6 30. h3 h5 31. Rc8 a6 32. Rc2 f5 33. e4
g4+ 34. hxg4 fxg4+ 35. Ke3 Kf6 36. Rc5 Kg6 37. Rc2 Kf6 38. Rc5 e5 39. Rc8 Kg5
40. Rg8+ Kf6 41. Rf8+ Kg6 42. Rg8+ Rg7 43. Rh8 Kg5 44. Re8 Kf6 45. Rf8+ Rf7 46.
Rh8 Kg6 47. Rg8+ Rg7 48. Rh8 Kg5 49. Re8 Kf6 50. Rf8+ 1/2-1/2

[Event "Online Olym Div2 E 2020"]
[Site "chess.com INT"]
[Date "2020.08.15"]
[Round "6.2"]
[Board "2"]
[White "Shafi, Declan"]
[Black "Gledura, Benjamin"]
[Result "0-1"]
[BlackTitle "GM"]
[WhiteElo "2166"]
[BlackElo "2620"]
[WhiteTeam "Scotland"]
[BlackTeam "Hungary"]
[WhiteFideId "2405156"]
[BlackFideId "712779"]
[EventDate "2020.08.14"]
[EventType "team"]

1. d4 Nf6 2. c4 g6 3. Nc3 d5 4. Nf3 Bg7 5. Qb3 dxc4 6. Qxc4 Be6 7. Qb5+ Bd7 8.
Qb3 c5 9. Ne5 O-O 10. Nxd7 Qxd7 11. dxc5 Na6 12. Be3 Rfd8 13. Qb5 Qe6 14. c6 Nc7
15. Qb3 Qxc6 16. Rc1 Ng4 17. Nd1 Qd7 18. g3 Nd5 19. Bg2 Ndxe3 20. fxe3 Qd2+ 0-1

[Event "Online Olym Div2 E 2020"]
[Site "chess.com INT"]
[Date "2020.08.15"]
[Round "6.2"]
[Board "4"]
[White "Roy, Ali"]
[Black "Gara, Anita"]
[Result "0-1"]
[BlackTitle "IM"]
[WhiteElo "1878"]
[BlackElo "2345"]
[WhiteTeam "Scotland"]
[BlackTeam "Hungary"]
[WhiteFideId "2400456"]
[BlackFideId "709751"]
[EventDate "2020.08.14"]
[EventType "team"]

1. Nf3 d6 2. g3 e5 3. Bg2 f5 4. d3 Nf6 5. O-O g6 6. c4 Bg7 7. Nc3 O-O 8. Qc2 a5
9. e4 Nc6 10. Nd5 fxe4 11. dxe4 Bg4 12. Bg5 Bxf3 13. Bxf6 Rxf6 14. Nxf6+ Qxf6
15. c5 Nd4 16. Qc4+ Kh8 17. Rfe1 Rf8 18. Bh3 Bh5 19. Qf1 Nf3+ 20. Kh1 Nxe1 21.
Rxe1 Qxf2 22. Qxf2 Rxf2 23. cxd6 cxd6 24. Rc1 Bh6 25. Rc8+ Kg7 26. Rc7+ Kf6 27.
Rxb7 Bf3+ 28. Kg1 Be3 29. Rb3 Rg2+ 30. Kf1 Rg1# 0-1

[Event "Online Olym Div2 E 2020"]
[Site "chess.com INT"]
[Date "2020.08.15"]
[Round "6.2"]
[Board "6"]
[White "Espinosa Cancino, Monica"]
[Black "Demeter, Dorina"]
[Result "0-1"]
[BlackTitle "WFM"]
[WhiteElo "1666"]
[BlackElo "2033"]
[WhiteTeam "Scotland"]
[BlackTeam "Hungary"]
[WhiteFideId "22253025"]
[BlackFideId "778079"]
[EventDate "2020.08.14"]
[EventType "team"]

1. d4 d5 2. Nf3 Nf6 3. g3 g6 4. Bg2 Bg7 5. O-O O-O 6. c4 Nc6 7. cxd5 Nxd5 8. e4
Nb6 9. Be3 Nc4 10. Qe2 Nxe3 11. fxe3 a5 12. Nc3 b6 13. a4 Ba6 14. Nb5 Na7 15. d5
Qd7 16. Rfc1 Nxb5 17. axb5 Bxb5 18. Qc2 Rac8 19. Nd4 Bxd4 20. exd4 c6 21. Qb3
Kg7 22. Rc3 cxd5 23. exd5 e6 24. dxe6 Qxd4+ 25. Kh1 Bc4 26. Rd1 Bxb3 27. Rxd4
Bxe6 28. Rd6 Rfd8 29. Rxc8 Rxd6 30. Rc1 Rd2 31. Rb1 Bf5 32. Rc1 Rxb2 33. Rf1 Rb1
34. Rxb1 Bxb1 35. Bf3 a4 36. Kg1 a3 37. Bd5 a2 38. Bxa2 Bxa2 39. Kf2 Kf6 40. Ke3
Ke5 41. Kd3 Kd5 42. Ke3 b5 43. Kd3 b4 44. Kd2 Kd4 45. Kc2 Bd5 46. Kd2 b3 47. Kc1
Kc3 48. Kb1 b2 0-1

[Event "Online Olym Div2 E 2020"]
[Site "chess.com INT"]
[Date "2020.08.15"]
[Round "6.3"]
[Board "1"]
[White "Gemy, Jose Daniel"]
[Black "Djukic, Nikola"]
[Result "0-1"]
[WhiteTitle "IM"]
[BlackTitle "GM"]
[WhiteElo "2380"]
[BlackElo "2525"]
[WhiteTeam "Bolivia"]
[BlackTeam "Montenegro"]
[WhiteFideId "3301478"]
[BlackFideId "922412"]
[EventDate "2020.08.14"]
[EventType "team"]

1. e4 c5 2. Nf3 d6 3. c3 Nf6 4. h3 b6 5. Bd3 Bb7 6. Qe2 e5 7. O-O Be7 8. Rd1 O-O
9. Bc2 Nc6 10. d4 cxd4 11. cxd4 exd4 12. Nxd4 Nb4 13. Nc3 Nxc2 14. Nxc2 Re8 15.
Qd3 Bf8 16. f3 Nd7 17. Ne3 Ne5 18. Qd2 g6 19. b3 Qh4 20. Qf2 Qxf2+ 21. Kxf2 Bg7
22. Bb2 Ba6 23. Ned5 Nd3+ 24. Rxd3 Bxd3 25. Ke3 Ba6 26. Nc7 Rec8 27. N3d5 Bxb2
28. Rb1 Bb7 29. Rxb2 Bxd5 30. Nxd5 Kg7 31. Rd2 Rc1 32. Nf4 Rd8 33. Kd4 Rdc8 34.
Kd5 R1c2 35. Rd1 Rxa2 36. h4 Rb2 37. Rd3 a5 38. g4 h6 39. g5 hxg5 40. hxg5 b5
41. Nh3 b4 42. f4 Rc3 0-1

[Event "Online Olym Div2 E 2020"]
[Site "chess.com INT"]
[Date "2020.08.15"]
[Round "6.3"]
[Board "3"]
[White "Cordero, Daniela"]
[Black "Milovic, Aleksandra"]
[Result "1/2-1/2"]
[WhiteTitle "WIM"]
[BlackTitle "WIM"]
[WhiteElo "2010"]
[BlackElo "2198"]
[WhiteTeam "Bolivia"]
[BlackTeam "Montenegro"]
[WhiteFideId "3301630"]
[BlackFideId "933988"]
[EventDate "2020.08.14"]
[EventType "team"]

1. d4 Nf6 2. Nf3 e6 3. e3 c5 4. Bd3 Nc6 5. O-O Be7 6. c4 d5 7. cxd5 Nxd5 8. a3
cxd4 9. exd4 O-O 10. Qe2 Bf6 11. Qe4 g6 12. Nc3 Nxc3 13. bxc3 Bg7 14. Bg5 Qa5
15. Bd2 e5 16. d5 Bf5 17. Qc4 Ne7 18. Bxf5 Nxf5 19. Qb3 Rfd8 20. c4 Qc7 21. Rac1
b6 22. a4 h6 23. a5 e4 24. Ne1 Nd4 25. Qe3 f5 26. Kh1 Re8 27. Qa3 Bf8 28. Bb4
Bxb4 29. Qxb4 bxa5 30. Qb2 Qc5 31. Qd2 e3 32. fxe3 Nb3 33. Qc2 Nxc1 34. Qxc1
Qxe3 35. Nc2 Qxc1 36. Rxc1 Rac8 37. Na3 Re3 38. Ra1 Kf7 39. Kg1 a4 40. Kf2 Rxa3
41. Rxa3 Rxc4 42. Ke3 Ke7 43. Kd3 Rb4 44. Ra2 Kd6 45. Kc3 a5 46. Rd2 a3 47. Ra2
Re4 48. Kd3 Kxd5 49. Rxa3 a4 50. g3 Rb4 51. Kd2 g5 52. Kc2 Ke4 53. Rc3 f4 54.
gxf4 gxf4 55. Rh3 Rb6 56. Kd2 Ra6 57. Ra3 h5 58. Ke2 h4 59. h3 Kd4 60. Kd2 Kc4
61. Kc2 Kb4 62. Kb2 Re6 63. Rf3 Re2+ 64. Ka1 Re3 65. Rxf4+ Kb3 66. Rf1 Rxh3 67.
Rb1+ Ka3 68. Rf1 Rg3 69. Kb1 h3 70. Kc2 Rg2+ 71. Kc3 Ka2 72. Rf4 a3 73. Rf1 h2
74. Rh1 Rf2 75. Re1 Rf3+ 76. Kc2 Rg3 77. Rh1 Rg2+ 78. Kc3 Rf2 79. Re1 Rf7 80.
Re2+ Kb1 81. Re1+ Ka2 82. Re2+ Kb1 83. Re1+ Ka2 1/2-1/2

[Event "Online Olym Div2 E 2020"]
[Site "chess.com INT"]
[Date "2020.08.15"]
[Round "6.3"]
[Board "6"]
[White "Popovic, Mateja"]
[Black "Monroy G., Nataly A."]
[Result "0-1"]
[BlackTitle "WIM"]
[WhiteElo "1498"]
[BlackElo "1957"]
[WhiteTeam "Montenegro"]
[BlackTeam "Bolivia"]
[WhiteFideId "16504518"]
[BlackFideId "3304019"]
[EventDate "2020.08.14"]
[EventType "team"]

1. d4 c5 2. e3 g6 3. Nf3 Bg7 4. c3 d5 5. Be2 Nf6 6. Qc2 O-O 7. Nbd2 Nc6 8. O-O
Nd7 9. Rd1 e5 10. dxe5 Ndxe5 11. e4 d4 12. cxd4 Nxd4 13. Nxd4 cxd4 14. Nb3 Nc6
15. Be3 Be6 16. Nc5 Qe7 17. Nxe6 Qxe6 18. Bc4 Qg4 19. f3 Qh5 20. Bf2 Rac8 21.
Qb3 Na5 0-1

[Event "Online Olym Div2 E 2020"]
[Site "chess.com INT"]
[Date "2020.08.15"]
[Round "6.4"]
[Board "1"]
[White "Jimenez Garcia, Emmanuel"]
[Black "Rios, Cristhian Camilo"]
[Result "1/2-1/2"]
[WhiteTitle "FM"]
[BlackTitle "GM"]
[WhiteElo "2397"]
[BlackElo "2464"]
[WhiteTeam "Costa Rica"]
[BlackTeam "Colombia"]
[WhiteFideId "6504779"]
[BlackFideId "4403940"]
[EventDate "2020.08.14"]
[EventType "team"]

1. b3 d5 2. Bb2 Bg4 3. g3 Nc6 4. Bg2 e5 5. h3 Be6 6. d3 f6 7. a3 Qd7 8. Nd2 h5
9. e3 O-O-O 10. b4 Kb8 11. Nb3 Bd6 12. Ne2 h4 13. g4 f5 14. gxf5 Bxf5 15. b5
Nce7 16. c4 dxc4 17. dxc4 Qe8 18. Qc1 Ng6 19. c5 Be7 20. c6 b6 21. Qc4 Bf6 22.
Nd2 e4 23. Bd4 Ne5 24. Bxe5 Bxe5 25. O-O-O Nf6 26. Nb3 Qe7 27. Qa4 Bc8 28. Ned4
Rd5 29. Rd2 Rhd8 30. Rhd1 Bxd4 31. Rxd4 Rxd4 32. Rxd4 Rxd4 33. Nxd4 Qc5+ 34. Nc2
a5 35. bxa6 Ka7 36. Bf1 g5 37. Qd4 Qxd4 38. Nxd4 g4 39. Nb5+ Kb8 40. a7+ Ka8 41.
Nxc7+ Kxa7 42. Nb5+ Kb8 43. c7+ Kb7 44. Nd6+ Kxc7 45. Nxc8 Kxc8 46. hxg4 Nh7 47.
Kd2 Ng5 48. Bg2 Kc7 49. Ke2 Kd6 50. f4 exf3+ 51. Bxf3 Kc5 52. a4 Kb4 53. Bc6 Kc5
54. Bb7 Kb4 55. Bc6 Kc5 56. Bb7 Kb4 57. Bc6 1/2-1/2

[Event "Online Olym Div2 E 2020"]
[Site "chess.com INT"]
[Date "2020.08.15"]
[Round "6.4"]
[Board "2"]
[White "Ruiz Castillo, Joshua Daniel"]
[Black "Minero Pineda, Sergio"]
[Result "1/2-1/2"]
[WhiteTitle "GM"]
[BlackTitle "IM"]
[WhiteElo "2498"]
[BlackElo "2365"]
[WhiteTeam "Colombia"]
[BlackTeam "Costa Rica"]
[WhiteFideId "4400704"]
[BlackFideId "6500374"]
[EventDate "2020.08.14"]
[EventType "team"]

1. Nf3 Nf6 2. g3 g6 3. Bg2 Bg7 4. O-O O-O 5. c4 c5 6. d4 cxd4 7. Nxd4 Nc6 8. Nc3
Nxd4 9. Qxd4 d6 10. Bd2 Be6 11. Qd3 Qc8 12. b3 Bh3 13. Rac1 Bxg2 14. Kxg2 Qc6+
15. e4 Rfe8 16. f3 a6 17. a4 Rab8 18. Bg5 h6 19. Be3 h5 20. a5 Nd7 21. Nd5 Nc5
22. Qd1 e6 23. Nb6 Nd7 24. Nxd7 Qxd7 25. Qd3 Qc6 26. Rfd1 Rbd8 27. Bb6 Rd7 28.
Rc2 Bf6 29. Be3 Bd8 30. b4 Be7 31. b5 Qc8 32. Bb6 axb5 33. cxb5 Qa8 34. Rdc1 d5
35. e5 Rb8 36. Qd4 Bd8 37. Qf4 Bxb6 38. axb6 Rbd8 39. Qf6 d4 40. Rc7 d3 41. Rxd7
Rxd7 42. Rc7 Qd8 43. Qxd8+ Rxd8 44. Rc1 Rd5 45. f4 Rxb5 46. Rd1 Rxb6 47. Rxd3
Rb2+ 1/2-1/2

[Event "Online Olym Div2 E 2020"]
[Site "chess.com INT"]
[Date "2020.08.15"]
[Round "6.4"]
[Board "3"]
[White "Hernandez Alvarez, Tania Regla"]
[Black "Castrillon Gomez, Melissa"]
[Result "1/2-1/2"]
[WhiteTitle "WIM"]
[BlackTitle "WIM"]
[WhiteElo "2041"]
[BlackElo "2211"]
[WhiteTeam "Costa Rica"]
[BlackTeam "Colombia"]
[WhiteFideId "3501442"]
[BlackFideId "4402413"]
[EventDate "2020.08.14"]
[EventType "team"]

1. e4 c5 2. d4 cxd4 3. c3 dxc3 4. Nxc3 Nc6 5. Nf3 d6 6. Bc4 e6 7. O-O Be7 8. Qe2
Nf6 9. Rd1 e5 10. h3 O-O 11. b3 Be6 12. a4 Bxc4 13. bxc4 a6 14. Rb1 Qc7 15. Be3
Bd8 16. Qd2 Na5 17. Qxd6 Qxd6 18. Rxd6 Nxc4 19. Rd3 Ba5 20. Rxb7 Rfd8 21. Rxd8+
Rxd8 22. Nd5 Nxd5 23. exd5 Rxd5 24. Ra7 Nxe3 25. fxe3 f6 26. Rxa6 h6 27. Kf2 Rc5
28. Nh4 Kh7 29. Nf5 Kg6 30. e4 Rc2+ 31. Kf3 Rc3+ 32. Kf2 Rc2+ 33. Kf3 Rc3+ 34.
Kf2 Bc7 35. Ne7+ Kg5 36. Nd5 Rc2+ 37. Kf3 Bd8 38. Ra7 g6 39. a5 Ra2 40. a6 Ra3+
41. Ke2 Ra4 42. Kf3 f5 43. exf5 Ra3+ 44. Ke4 gxf5+ 45. Kxe5 Ra5 46. Ke6 f4 47.
Ra8 Kh4 48. Rxd8 Rxa6+ 49. Ke5 Ra5 50. Rg8 f3 51. gxf3 h5 52. Ke4 Kxh3 53. Nf4+
Kh2 54. Rh8 Ra4+ 55. Kf5 Kg3 56. Nxh5+ Kxf3 57. Re8 Ra5+ 58. Kg6 Ra6+ 59. Nf6
Rb6 60. Re5 Kf4 61. Rf5+ Ke3 62. Kg5 Kd3 63. Nd5 Rd6 64. Kf4 Kd4 65. Ne3 Rd8 66.
Ng4 Ra8 67. Rf6 Kd5 68. Ne3+ Kc5 69. Re6 Kd4 70. Rd6+ Kc5 71. Rd5+ Kc6 72. Ke4
Re8+ 73. Kd4 Rxe3 74. Kxe3 Kxd5 1/2-1/2